Role of auto rubber components in safety of vehicles (Record no. 67152)

MARC details
000 -LEADER
fixed length control field 00402nam a2200157Ia 4500
100 ## - MAIN ENTRY--AUTHOR NAME
Personal name Bhanot B
245 #0 - TITLE STATEMENT
Title Role of auto rubber components in safety of vehicles
260 ## - PUBLICATION, DISTRIBUTION, ETC. (IMPRINT)
Name of publisher Indian Rubber Journal
Year of publication 2003
300 ## - PHYSICAL DESCRIPTION
Number of Pages 63-65
650 ## - SUBJECT ADDED ENTRY--TOPICAL TERM
Topical Term Rubber components
650 ## - SUBJECT ADDED ENTRY--TOPICAL TERM
Topical Term Tyres
700 ## - ADDED ENTRY--PERSONAL NAME
Personal name
700 ## - ADDED ENTRY--PERSONAL NAME
Personal name Karanth N V
942 ## - ADDED ENTRY ELEMENTS (KOHA)
Koha item type Journals
700 ## - ADDED ENTRY--PERSONAL NAME
-- rankalle A R
Holdings
Withdrawn status Lost status Damaged status Not for loan Home library Current library Shelving location Date acquired Serial Enumeration / chronology Koha item type
      Journals RRII Library RRII Library Rubber general 17/12/2021 Volume 75, Issue Nov Journals